Olly murs songs by emojis - Statistics

General Stats
  • This quiz has been taken 36 times
  • The average score is 4 of 12
Answer Stats
Picture Answer % Correct
Heart skips a beat
89%
Dance with me tonight
74%
Up
74%
Kiss me
63%
Thinking of me
30%
I don’t love you too
22%
I’m ok
22%
Please don’t let me go
22%
Don’t say goodbye
15%
Tell the world
11%
Hand on heart
4%
Love shine down
4%
No matching quizzes found
Score Distribution
Percent of People with Each Score
Percentile by Number Answered
Your Score History
You have not taken this quiz